| 000 | 00000nam##2200000za#4500 |
| 001 | 9.566195 |
| 003 | CaOODSP |
| 005 | 20210929082753 |
| 007 | cr ||||||||||| |
| 008 | 150406|2009||||xxc|||||o f|0| 0 eng|d |
| 020 | |a978-1-100-13143-6 |
| 040 | |aCaOODSP|beng |
| 043 | |an-cn--- |
| 086 | 1 |aFo143-3/2009-6E-PDF |
| 110 | 1 |aCanada. |bNatural Resources Canada. |bCanadian Forest Service. |
| 245 | 10|aEffects of pine beetle infestations and treatments on hydrology and geomorphology : |h[electronic resource]|bintegrating stand-level data and knowledge into mesoscale watershed functions / |c[by] Y. Alila ... [et al.]. |
| 260 | |aVictoria - British Columbia : |bNatural Resources Canada. |c2009. |
| 300 | |a77p.|bgraphs, maps, references, tables, photographs |
| 490 | 1 |aMountain Pine Beetle working paper|v2009-06 |
| 500 | |a"MPBI Project #8.54". |
| 546 | |a(Résumé en français) |
| 590 | |a12-25-Supp|b2012-06-04 |
| 690 | 07|aHydrology|2gcpds |
| 690 | 07|aPests|2gcpds |
| 720 | 1 |aAlila, Y. |
| 776 | 0#|tEffects of pine beetle infestations and treatments on hydrology and geomorphology : |w(CaOODSP)9.619375 |
| 830 | #0|aMountain Pine Beetle working paper ;|v2009-06|w(CaOODSP)9.504874 |
| 856 | 40|ahttp://publications.gc.ca|qPDF|s3.25 MB|uhttps://publications.gc.ca/collections/collection_2012/rncan-nrcan/Fo143-3-2009-6-eng.pdf|y2009-06 |